Web archiving (Record no. 11863)
[ view plain ]
| 000 -LEADER | |
|---|---|
| fixed length control field | 01029cam a22003014a 4500 |
| 001 - CONTROL NUMBER | |
| control field | 7882110 |
| 005 - DATE AND TIME OF LATEST TRANSACTION | |
| control field | 20170105102349.0 |
| 006 - FIXED-LENGTH DATA ELEMENTS--ADDITIONAL MATERIAL CHARACTERISTICS | |
| fixed length control field | m d |
| 007 - PHYSICAL DESCRIPTION FIXED FIELD--GENERAL INFORMATION | |
| fixed length control field | cr n |
| 008 - FIXED-LENGTH DATA ELEMENTS--GENERAL INFORMATION | |
| fixed length control field | 060705s2006 gw a sb 001 0 eng d |
| 020 ## - INTERNATIONAL STANDARD BOOK NUMBER | |
| International Standard Book Number | 9783540233381 (acidfree paper) |
| 020 ## - INTERNATIONAL STANDARD BOOK NUMBER | |
| International Standard Book Number | 3540233385 (acidfree paper) |
| 035 ## - SYSTEM CONTROL NUMBER | |
| System control number | (WaSeSS)ssj0000269698 |
| 040 ## - CATALOGING SOURCE | |
| Original cataloging agency | DLC |
| Transcribing agency | DLC |
| Modifying agency | DLC |
| -- | WaSeSS |
| 082 ## - DEWEY DECIMAL CLASSIFICATION NUMBER | |
| Classification number | 025.0422 MAS |
| 210 10 - ABBREVIATED TITLE | |
| Abbreviated title | Web archiving |
| 245 00 - TITLE STATEMENT | |
| Title | Web archiving |
| Statement of responsibility, etc. | Julien Masanes |
| 260 ## - PUBLICATION, DISTRIBUTION, ETC. | |
| Place of publication, distribution, etc. | Berlin ; |
| -- | New York : |
| Name of publisher, distributor, etc. | Springer, |
| Date of publication, distribution, etc. | c2006. |
| 300 ## - PHYSICAL DESCRIPTION | |
| Extent | 234p. : |
| Dimensions | 24 cm |
| 504 ## - BIBLIOGRAPHY, ETC. NOTE | |
| Bibliography, etc. note | Includes bibliographical references and index. |
| 506 ## - RESTRICTIONS ON ACCESS NOTE | |
| Terms governing access | License restrictions may limit access. |
| 650 #0 - SUBJECT ADDED ENTRY--TOPICAL TERM | |
| Topical term or geographic name entry element | Web archiving. |
| 700 1# - ADDED ENTRY--PERSONAL NAME | |
| Personal name | Masanès, Julien. |
| 773 #0 - HOST ITEM ENTRY | |
| Title | SpringerLink ebooks - Computer Science (2006) |
| 856 40 - ELECTRONIC LOCATION AND ACCESS | |
| Uniform Resource Identifier | <a href="http://www.columbia.edu/cgi-bin/cul/resolve?clio7882110">http://www.columbia.edu/cgi-bin/cul/resolve?clio7882110</a> |
| Public note | Full text available from SpringerLink ebooks - Computer Science (2006) |
| 910 ## - USER-OPTION DATA (OCLC) | |
| User-option data | Library of Congress record |
| 942 ## - ADDED ENTRY ELEMENTS (KOHA) | |
| Source of classification or shelving scheme | |
| Koha item type | Book |
| Withdrawn status | Lost status | Damaged status | Not for loan | Collection code | Permanent Location | Current Location | Shelving location | Date acquired | Source of acquisition | Cost, normal purchase price | Total Checkouts | Full call number | Barcode | Date last seen | Date last checked out | Price effective from | Koha item type |
|---|---|---|---|---|---|---|---|---|---|---|---|---|---|---|---|---|---|
| Central Library (CL) | Central Library (CL) | First Floor - Journalism | 05/30/2013 | Progressive International Agencies | 5829.15 | 1 | 025.0422 MAS | SEECS012362 | 12/15/2014 | 10/25/2014 | 05/31/2013 | Book |
